Inovácie v cestovných kanceláriách bakalárska práca

Uložené v:
Podrobná bibliografia
Hlavný autor: Chorvátová, Lenka
Korporativný autor: Obchodná fakulta EU. Katedra služieb a cestovného ruchu - zrušené
Ďalší autori: Bojová, Dominika
Médium: Kniha
Jazyk:Slovak
Vydavateľské údaje: Bratislava 2011
Tagy: Pridať tag
Žiadne tagy, Buďte prvý, kto otaguje tento záznam!

MARC

LEADER 00000nbm a2200000 4500
001 0132027
005 20161109111427.0
041 0 |a slo 
044 |a SK 
245 1 0 |a Inovácie v cestovných kanceláriách  |b bakalárska práca  |c Lenka Chorvátová ; školiteľ: Dominika Bojová 
264 1 |a Bratislava  |c 2011 
300 |a 49 s. 
100 1 |a Chorvátová, Lenka 
700 1 |a Bojová, Dominika 
710 2 |a Obchodná fakulta EU. Katedra služieb a cestovného ruchu - zrušené